Spôsob eliminácie rizík na pracoviskách s priemyselným robotom

Bibliographic Details
Main Author: Baron, Petr, 1971- (Author)
Format: Article
Language:Slovak
ISSN:1335-2237
Subjects:

MARC

LEADER 00000nab a2200000 a 4500
001 vtls000810812
003 SK-MaSNL
005 20260304125728.0
008 250429c2002 xo 0 slo
015 |a SNBRB2002/10-33302 
035 |a CLN000162467 
035 |a urn:nbn:sk:snk-abf6q2 
035 |a (urnnbn)urn:nbn:sk:snk:ar-0018mz 
035 |a (uuid)c02109b4-abd8-4043-bdee-634424c5ca98 
040 |a SNKBUCL  |b slo  |c SNKBUCL  |e AACR2 
041 0 |a slo 
044 |a xo  |c SK 
080 |a 658.52.011.56:614.8  |2 1997 
080 |a 614.8  |2 1997 
080 |a 007.52  |2 1997 
100 1 |a Baron, Petr,  |d 1971-  |4 aut  |9 196923 
245 1 0 |a Spôsob eliminácie rizík na pracoviskách s priemyselným robotom  |c Petr Baron 
504 |a Bibliogr. odkazy 
650 0 7 |a systémy výrobné automatizované  |x roboty priemyselné  |x riziko technické  |x riziko humánne  |2 snkbucl  |9 1439071 
650 0 7 |a bezpečnosť práce  |2 snkbucl  |9 1296 
650 0 7 |a priemyselné roboty  |2 snkbucl  |9 31851 
650 0 7 |a riziko technické  |2 snkbucl  |9 1398285 
650 0 7 |a riziko humánne  |2 snkbucl  |9 1439072 
655 7 |a články z novín a časopisov  |2 snkbucl  |9 267496 
773 0 |t AT&P journal  |g Roč. 9, č. 5 (2002), s. 112-113  |x 1335-2237 
850 |a Slovenská národná knižnica 
852 |a Slovenská národná knižnica 
954 |a odborná, vedecká literatúra pôvodná (slovenská)  |2 lita 
958 |a article23 
958 |a NB 
958 |a OND 
958 |a EUIPO 
992 |a RBX 
999 |c 2894582  |d 2896512